Statistics for The Goku Quiz

Click here to take the quiz!

General Stats

  • This quiz has been taken 884 times
  • The average score is 23 of 34

Answer Stats

HintAnswer% Correct
Who is Goku's rival and friend?Vegeta
98%
Who is Goku's oldest son?Gohan
98%
Who is Goku's youngest son?Goten
98%
Who is Goku's wife?Chi Chi
97%
What is Goku's race?Saiyan
94%
Who is the first girl that Goku ever meets?Bulma
93%
What is Goku's most commonly used technique?Kamehameha
92%
What is Goku's father's name?Bardock
91%
Who is Goku's best friend?Krillin
90%
Who was Goku battling when he first became a Super Saiyan?Frieza
90%
Who kills Goku for the first time?Piccolo
85%
What technique does Goku learn from King Kai that uses energy from all living things?Spirit Blast
84%
Who is Goku fighting when he first goes Super Saiyan 3?Majin Buu
83%
When Goku battled Android 19, what part of his body gave him problems?Heart
80%
During the Frieza saga, who stole Goku's body?Captain Ginyu
80%
When Goku first fuses with Vegeta, what is his name?Vegito
78%
Who raised Goku?Grandpa Gohan
73%
After Goku's escape of Namek, what new technique did he learn?Instant Transmission
72%
What road did Goku travel on to get to King Kai's planet?Snake Way
68%
What does Goku love to do all the time?Eat
66%
Who helps Goku remember his family when he is an ape, and become a Super Saiyan 4?Pan
56%
Which Saiyan looks like Goku and eats the fruit off of the tree of might?Turles
54%
Who was the first person that Goku defeated after training at 100 times the gravity of Earth?Recoome
53%
Who comes to defeat Goku in order to avenge his brother?Cooler
52%
When Goku fuses with Vegeta to create Gogeta, who was he fighting?Janemba
50%
Who is Goku fighting when he first goes Super Saiyan 3 as a kid in Dragon Ball GT?Baby
50%
Before Goku becomes a Super Saiyan 4, what kind of ape does he turn into?Golden Ape
47%
Who is the strongest opponent that Goku ever faces?Syn Shenron
45%
What vegetable does Goku not like?Carrots
39%
Who is Goku fighting when he becomes a False Super Saiyan?Lord Slug
38%
Who is Goku fighting when he first goes Super Saiyan 2?Majin Vegeta
34%
How old is Goku when he is turned back into a kid by the red star dragon balls?51
33%
What finishing move does Goku use to defeat Super 17?Dragon Fist
32%
Who is Goku fighting when he first goes Super Saiyan as a kid in Dragon Ball GT?Ledgic
6%

Score Distribution

Percentile by Number Answered

Percent of People with Each Score

Your Score History

You have not taken this quiz